La Iglesia en el diálogo con nuestro mundo (Record no. 82786)

MARC details
000 -LEADER
campo de control de longitud fija 00683nam a2200193 i 4500
001 - NÚMERO DE CONTROL
campo de control 82786
003 - IDENTIFICADOR DE NÚMERO DE CONTROL
campo de control ES-MaACL
005 - FECHA Y HORA DE LA ÚLTIMA TRANSACCIÓN
campo de control 20230906174730.0
007 - CAMPO FIJO DE DESCRIPCIÓN FÍSICA--INFORMACIÓN GENERAL
campo de control de longitud fija t|
008 - DATOS DE LONGITUD FIJA--INFORMACIÓN GENERAL
campo de control de longitud fija 041111s1967 sp ||||1| spa d
245 03 - MENCIÓN DEL TÍTULO
Título La Iglesia en el diálogo con nuestro mundo
Resto del título : texto y comentario a la Constitución Pastoral Gaudium et Spes.
260 ## - PUBLICACIÓN, DISTRIBUCIÓN, ETC.
Lugar de publicación, distribución, etc. Bilbao :
Nombre del editor, distribuidor, etc. Mensajero,
Fecha de publicación, distribución, etc. 1967.
300 ## - DESCRIPCIÓN FÍSICA
Extensión 349 p. ;
Dimensiones 22 cm.
500 ## - NOTA GENERAL
Nota general Precede al tít.: Universidad de Deusto. Instituto de Ciencias Sociales.
650 14 - PUNTO DE ACCESO ADICIONAL DE MATERIA--TÉRMINO DE MATERIA
Término de materia o nombre geográfico como elemento de entrada Iglesia y mundo.
9 (RLIN) 136257
710 2# - ENTRADA AGREGADA--NOMBRE DE ENTIDAD CORPORATIVA
Nombre de entidad corporativa o nombre de jurisdicción como elemento de entrada Universidad de Deusto.
9 (RLIN) 7172
710 2# - ENTRADA AGREGADA--NOMBRE DE ENTIDAD CORPORATIVA
Nombre de entidad corporativa o nombre de jurisdicción como elemento de entrada Instituto de Ciencias Sociales (Barcelona)
9 (RLIN) 4842
852 ## - LOCALIZACIÓN
Ubicación ES-MaACL
Número de control de estantería C-32582
Sublocalización o colección R.62967
Holdings
Estatus retirado Estado de pérdida Estado de daño No para préstamo Biblioteca de origen Biblioteca actual Ubicación en estantería Fecha de adquisición Fuente de adquisición Total de préstamos Signatura topográfica completa Código de barras Visto por última vez Precio de reemplazo Tipo de ítem Koha
        Biblioteca del Ateneo de Madrid Biblioteca del Ateneo de Madrid Depósito 2 17/01/2008     C-32582 1086518 23/02/2023 23/02/2023 Libro impreso